Princess, fairy / (Record no. 2800)
[ view plain ]
| 000 -LEADER | |
|---|---|
| fixed length control field | 00958nam a22002417a 4500 |
| 001 - CONTROL NUMBER | |
| control field | 2800 |
| 003 - CONTROL NUMBER IDENTIFIER | |
| control field | FISKH |
| 005 - DATE AND TIME OF LATEST TRANSACTION | |
| control field | 20240115155715.0 |
| 008 - FIXED-LENGTH DATA ELEMENTS--GENERAL INFORMATION | |
| fixed length control field | 240115b cb ||||| |||| 00| 0 eng d |
| 040 ## - CATALOGING SOURCE | |
| Original cataloging agency | FISKH |
| Language of cataloging | eng |
| Transcribing agency | FISKH |
| Modifying agency | FISKH |
| 050 ## - LIBRARY OF CONGRESS CALL NUMBER | |
| Classification number | PZ7 |
| 082 ## - DEWEY DECIMAL CLASSIFICATION NUMBER | |
| Classification number | 823.914 |
| 100 ## - MAIN ENTRY--PERSONAL NAME | |
| Personal name | Dale, Penny |
| 245 ## - TITLE STATEMENT | |
| Title | Princess, fairy / |
| Statement of responsibility, etc. | By Penny Dale |
| 260 ## - PUBLICATION, DISTRIBUTION, ETC. | |
| Place of publication, distribution, etc. | London : |
| Name of publisher, distributor, etc. | Walker Books, |
| Date of publication, distribution, etc. | 2009. |
| 300 ## - PHYSICAL DESCRIPTION | |
| Extent | 28 unnumbered pages : |
| Other physical details | color illustrations ; |
| Dimensions | 27 cm |
| 505 ## - FORMATTED CONTENTS NOTE | |
| Formatted contents note | G<br/><br/> |
| 520 ## - SUMMARY, ETC. | |
| Summary, etc. | A princess in a magic garden is playing with her golden ball, when her ball falls in the water and sinks deep, deep down, out of sight. How the will the princess get it back? A frog will offer to fetch it, of course, in exchange for kiss. And when the princess keeps her promise - the frog turns into a fairy. |
| 521 8# - TARGET AUDIENCE NOTE | |
| Target audience note | 370<br/> |
| Source | Lexile estimate<br/> |
| 521 8# - TARGET AUDIENCE NOTE | |
| Target audience note | G<br/> |
| Source | Raz-Plus<br/> |
| 650 ## - SUBJECT ADDED ENTRY--TOPICAL TERM | |
| Topical term or geographic name entry element | Princess stories |
| Form subdivision | Juvenile literature |
| 942 ## - ADDED ENTRY ELEMENTS (KOHA) | |
| Source of classification or shelving scheme | Dewey Decimal Classification |
| Koha item type | Books |
| Suppress in OPAC | No |
| Withdrawn status | Lost status | Source of classification or shelving scheme | Damaged status | Not for loan | Collection | Home library | Current library | Shelving location | Date acquired | Total Checkouts | Full call number | Barcode | Date last seen | Date last checked out | Price effective from | Koha item type | Date due | Copy number |
|---|---|---|---|---|---|---|---|---|---|---|---|---|---|---|---|---|---|---|
| Dewey Decimal Classification | Juvenile Fiction | Footprints International School Library Network Toul Kork Campus | Footprints International School Library Network Toul Kork Campus | TK Primary Library Room(4th Floor), Bookcase 7, Shelves 57-60, Dark Green Books | 01/15/2024 | 4 | DAL 823.914 PZ7 | FISBK00495 | 04/01/2026 | 01/14/2026 | 01/15/2024 | Books | ||||||
| Dewey Decimal Classification | Juvenile Fiction | Footprints International School Library Network Toul Kork Campus | Footprints International School Library Network Toul Kork Campus | TK Primary Library Room(4th Floor), Bookcase 7, Shelves 57-60, Dark Green Books | 08/21/2025 | 2 | DAL 823.914 PZ7 | FISTK02835 | 02/10/2026 | 02/10/2026 | 08/21/2025 | Books | 02/24/2026 | 2 |
